00518 2200193 4500001002100000005001500021035002000036007000300056008004100059020001800100082001000118084001600128100001600144245005000160260004500210300002400255650002400279990002100303INLIS00000000000034020220530091217 a0010-0522000040ta220530 0 ind  a9786021143377 a155.2 a155.2 MAY p0 aMaya Rianti1 aPendidikan karakter bangsa 15 : gemar membaca aJakarta :bMustika Pustaka Negeri,c2017 a78 :bilus ;c29 cm 4apendidikan karakter a315/smpn7/sby/18